Antwoorden met de letter E - Statistics

General Stats
  • This quiz has been taken 8 times
  • The average score is 10 of 20
Answer Stats
Hint Answer % Correct
Voornaam van het filmpersonage Scissorhands Edward
88%
Galapagos eilanden horen bij dit land Equador
88%
Eerste piloot die solo de Grote Oceaan overstak Amelia Earhart
75%
Slim Shady Eminem
75%
Methode om iets te onthouden Ezelsbruggetje
75%
Franse naam voor 40-40 in tennis Egalité
63%
Zee tussen Griekenland en Turkije Egeïsche zee
63%
Hormoon dat geluksgevoel geeft Endorfine
63%
Studie van insecten Entomologie
50%
Deel van de bijbel en Bob Marley nummer Exodus
50%
Bezitte een vliegtuig dat Lolita Express werd genoemd Jeffrey Epstein
50%
Optische illussies en heel veel trappen M.C. Escher
50%
Eerste Australische Tour de France winnaar Cadel Evans
38%
Boletus edulis (paddenstoel) Eekhoorntjesbrood
38%
Diersoort waartegen Australië een oorlog voerde Emoe
38%
Bocht op circuit Spa-Francorchamps Eau rouge
25%
Nationale dier van Schotland Eenhoorn
25%
Wanneer de zon loodrecht boven de evenaar staat Equinox
25%
Gecastreerde hofdienaar Eunuch
25%
Artiestennaam van NWA rapper Eric Wright Eazy-E
13%
No matching quizzes found
Score Distribution
Percent of People with Each Score
Percentile by Number Answered
Your Score History
You have not taken this quiz